| Tag |
First Indicator |
Second Indicator |
Subfields |
| LEADER |
00000cam a2200000 a 4500 |
| 001 |
in00000013775 |
| 005 |
20151007052428.0 |
| 008 |
880128s1987 nyua b 10010 eng d |
| 010 |
|
|
|a 87072213
|
| 035 |
|
|
|a (OCoLC)17405561
|
| 035 |
|
|
|9 AAA7744AM
|
| 040 |
|
|
|a TXA
|c TXA
|d VPI
|d TXA
|d UtOrBLW
|
| 049 |
|
|
|a TXAM
|c [A12582756]
|
| 050 |
|
4 |
|a QA76.5
|b .A43 1987
|
| 110 |
2 |
|
|a American Society of Mechanical Engineers.
|b Winter Annual Meeting
|d (1987 :
|c Boston, Mass.)
|
| 245 |
1 |
0 |
|a Parallel computations and their impact on mechanics :
|b presented at the Winter Annual Meeting of the American Society of Mechanical Engineers, Boston, Massachusetts, December 13-18, 1987 /
|c sponsored by the Applied Mechanics Division, the Pressure Vessels and Piping Division, the Computer Engineering Division, ASME ; edited by Ahmed K. Noor.
|
| 264 |
|
1 |
|a New York, N.Y. (345 E. 47th St., New York 10017) :
|b ASME,
|c [1987]
|
| 264 |
|
4 |
|c ©1987
|
| 300 |
|
|
|a xii, 402 pages :
|b illustrations ;
|c 26 cm.
|
| 336 |
|
|
|a text
|b txt
|2 rdacontent
|
| 337 |
|
|
|a unmediated
|b n
|2 rdamedia
|
| 338 |
|
|
|a volume
|b nc
|2 rdacarrier
|
| 490 |
1 |
|
|a AMD ;
|v vol. 86
|
| 504 |
|
|
|a Includes bibliographical references.
|
| 650 |
|
0 |
|a Parallel processing (Electronic computers)
|v Congresses.
|
| 650 |
|
0 |
|a Mechanics
|x Data processing
|x Congresses.
|
| 700 |
1 |
|
|a Noor, Ahmed Khairy,
|d 1938-
|
| 710 |
2 |
|
|a American Society of Mechanical Engineers.
|b Applied Mechanics Division.
|
| 710 |
2 |
|
|a American Society of Mechanical Engineers.
|b Pressure Vessels and Piping Division.
|
| 710 |
2 |
|
|a American Society of Mechanical Engineers.
|b Computer Engineering Division.
|
| 830 |
|
0 |
|a AMD (Series) ;
|v v. 86.
|
| 999 |
|
|
|a MARS
|
| 999 |
f |
f |
|s 3d012440-de71-36ab-8eb7-a946f3eb8c7a
|i 1b2a6e22-0c97-3c2e-8ca0-52628d4f4338
|t 0
|
| 952 |
f |
f |
|p ric
|a Texas A&M University
|b Rellis Campus
|c Joint Library Facility
|d Remote Storage
|t 0
|e QA76.5 .A43 1987
|h Library of Congress classification
|i unmediated -- volume
|m A14812582756
|
| 998 |
f |
f |
|a QA76.5 .A43 1987
|t 0
|l Remote Storage
|